| 000 | 01117nam0a22002651 4500 | ||
|---|---|---|---|
| 001 | rc\54122 | ||
| 005 | 20260407095930.0 | ||
| 035 | _a(NLR Aleph) 008777999 | ||
| 090 |
_a7964682 _c7964682 |
||
| 100 | _a20021216d1991 |||y0rusy50 ca | ||
| 101 | 0 | _arus | |
| 102 | _aRU | ||
| 105 | _aa ||||||||| | ||
| 200 | 1 |
_aОПРЕДЕЛЕНИЕ углеводородов в воздушной среде масс-спектрометрическим методом _eМетод. материалы _eММ 1.4.1960-89 _e[Введ. с 01.01.91] |
|
| 210 |
_a[М.] _cНИАТ _d1991 |
||
| 215 |
_a11 с. _cил. _d22 |
||
| 606 | 1 |
_aВоздух _xЗагрязнение углеводородами _xМасс-спектрометрия _jМетодические пособия _2nlr_sh1 |
|
| 712 | 0 | 2 |
_4570 _aНИИ авиационной технологии и организации производства _cМосква _3RU\NLR\AUTH\889925721 _9347252 |
| 801 | 0 |
_aRU _bNLR _gpsbo |
|
| 801 | 1 |
_aRU _bELAR _2rusmarc |
|
| 801 | 2 |
_aRU _bNLR _c20050331 _2rusmarc |
|
| 852 |
_aNLR _j91-6/1636 |
||
| 942 | _cBOOK | ||
| 980 | _aNB | ||